Normal view MARC view

Entry Personal Name

Number of records used in: 3

001 - CONTROL NUMBER

  • control field: 40145

003 - CONTROL NUMBER IDENTIFIER

  • control field: dpl

005 - DATE AND TIME OF LATEST TRANSACTION

  • control field: 20120125133014.0

008 - FIXED-LENGTH DATA ELEMENTS

  • fixed length control field: 120125|||a|||||| | ||| d

040 ## - CATALOGING SOURCE

  • Original cataloging agency: dpl
  • Transcribing agency: dpl

100 ## - HEADING--PERSONAL NAME

  • Personal name: अरूण

670 ## - SOURCE DATA FOUND

  • Source citation: Work cat.: (dpl)21165: अरूण, अद्भुत किन्तु सत्य :, 2008

670 ## - SOURCE DATA FOUND

  • Source citation: Work cat.: (dpl)21165: अरूण, अद्भुत किन्तु सत्य :, 2008

© Delhi Public Library
Hit Counter
free hit counter